| 000 | 00577nam a2200181 a 4500 | ||
|---|---|---|---|
| 005 | 20210223120650.0 | ||
| 008 | 991125s1976 mx 000 0 spa u | ||
| 020 | _a8437500540 | ||
| 035 | _aUPN01000005036 | ||
| 049 | _aCG | ||
| 050 | 4 |
_aLB775 N4 _bA8.8 |
|
| 100 | 1 |
_aNeill, Alexander Sutherland, _d1883-1973 _929408 |
|
| 245 | 1 | 0 |
_aAutobiografía : _bNeill! Neill! orange peel! / _cA. S. Neill ; tr. Carlos Valdez Vázquez. |
| 260 |
_aMéxico : _bFCE, _c1976. |
||
| 300 |
_a402 p., 22 p. de láms. : _bil. |
||
| 650 | 4 |
_aMAESTROS - _zINGLATERRA - _vBIOGRAFIA _9827 |
|
| 905 | _aLibro | ||
| 999 |
_c5036 _d5036 |
||